00283nam a2200085 a 4500041000800000100003600008245012100044260002100165300001100186 aspa aMedina Uribe, Claudia Alejandra aAnálisis exploratorio de las relaciones filogéticas del género Canthon Hoffmannsegg (Coleoptera: Scarabaeinae) aCalibs.n.c2000 a109 p.